000 00305nam a22001337a 4500
008 190223b xxu||||| |||| 00| 0 eng d
020 _a0023379901
041 _aeng
080 _a159.9
100 _a49
101 _aPSI
245 _aPerspectives on Human Communication
_cFisher, B.A
942 _2udc
_cBK
999 _c54162
_d54162